| 000 -LEADER |
| fixed length control field |
00690nam a2200217Ia 4500 |
| 001 - CONTROL NUMBER |
| control field |
7244 |
| 003 - CONTROL NUMBER IDENTIFIER |
| control field |
GE_BSU |
| 008 - FIXED-LENGTH DATA ELEMENTS--GENERAL INFORMATION |
| fixed length control field |
181216s||||||||xx |||||||||||||| ||und|| |
| 040 ## - CATALOGING SOURCE |
| Transcribing agency |
GE_BSU |
| 080 ## - UNIVERSAL DECIMAL CLASSIFICATION NUMBER |
| Universal Decimal Classification number |
629.33(035.5) |
| 100 ## - MAIN ENTRY--PERSONAL NAME |
| Personal name |
Боровский,Б.Е. Попов,М.Д. Пронштеин,М.Я. |
| 245 ## - TITLE STATEMENT |
| Title |
Справочная книга автомовилиста. |
| 245 ## - TITLE STATEMENT |
| Statement of responsibility, etc. |
Под ред. Я.И.Бронштеина, ред.Ю.В.Пчелкин. |
| 260 ## - PUBLICATION, DISTRIBUTION, ETC. |
| Place of publication, distribution, etc. |
Л. |
| 260 ## - PUBLICATION, DISTRIBUTION, ETC. |
| Name of publisher, distributor, etc. |
Лениздат. |
| 260 ## - PUBLICATION, DISTRIBUTION, ETC. |
| Date of publication, distribution, etc. |
1962. |
| 300 ## - PHYSICAL DESCRIPTION |
| Extent |
482стр. с илл. 22см. |
| 300 ## - PHYSICAL DESCRIPTION |
| Accompanying material |
табл. |
| 653 ## - INDEX TERM--UNCONTROLLED |
| Uncontrolled term |
Справочная книга автомовилиста. |
| 942 ## - ADDED ENTRY ELEMENTS (KOHA) |
| Koha item type |
წიგნი |